Imiona nadane dziewczynkom w 2023 roku - Statystyki

Ogólne statystyki
  • Ten quiz został rozwiązany 56 razy
  • Średni wynik to 65 z 100
Statystyki odpowiedzi
Hint Odpowiedź % Poprawnych
Z Zofia
97%
Z Zuzanna
97%
A Anna
94%
H Hanna
94%
J Julia
94%
L Lena
94%
M Maria
91%
E Ewa
88%
J Joanna
88%
Ł Łucja
88%
O Olivia
88%
O Oliwia
88%
W Wiktoria
88%
B Barbara
85%
K Katarzyna
85%
L Laura
85%
M Maja
85%
P Paulina
85%
W Weronika
85%
A Aleksandra
82%
A Alicja
82%
P Pola
82%
A Amelia
79%
A Antonina
79%
D Daria
79%
E Emilia
79%
G Gabriela
79%
K Kornelia
79%
M Magdalena
79%
N Natalia
79%
A Agata
76%
H Helena
76%
I Izabela
76%
K Karolina
76%
K Kinga
76%
D Dominika
74%
I Iga
74%
J Jagoda
74%
K Klaudia
74%
M Małgorzata
74%
M Marianna
74%
M Milena
74%
L Lidia
71%
M Martyna
71%
N Nikola
71%
P Patrycja
71%
S Sara
71%
A Aniela
68%
M Marta
68%
N Nadia
68%
R Róża
68%
A Ada
65%
U Urszula
65%
A Anastazja
62%
E Eliza
62%
K Klara
62%
M Michalina
62%
N Nina
62%
A Adrianna
59%
K Kamila
59%
L Lilia
59%
L Lilianna
59%
M Matylda
59%
M Mia
59%
W Wanda
59%
G Gaja
56%
I Ida
56%
K Kalina
56%
M Malwina
56%
M Marcelina
56%
N Nel
56%
A Aurelia
53%
C Celina
53%
K Kaja
53%
L Liliana
53%
N Nela
53%
R Rozalia
53%
D Diana
50%
J Jadwiga
50%
L Luiza
50%
F Felicja
47%
L Liwia
47%
B Blanka
44%
Z Zoja
44%
A Apolonia
41%
B Bianka
41%
E Emma
41%
J Jagna
41%
L Lea
41%
M Melania
41%
S Stefania
41%
J Jaśmina
35%
L Lila
35%
R Rita
35%
E Elena
32%
S Sofia
32%
S Sofiia
32%
L Lara
29%
M Milana
18%
A Adelina
15%
Nie znaleziono quizów pasujących do podanych kryteriów
Rozkład punktacji
Procent ludzi z każdym wynikiem
Percentyl według liczby udzielonych odpowiedzi
Twoja historia wyników
Nie rozwiązałeś tego quizu